000 00960nam a2200229 i 4500
001 188366
003 ES-MaACL
005 20260214184943.0
008 180904s1923 fr |||| | fre d
245 0 0 _aTraité de pathologie médicale et de thérapeutique appliquée / publié par E.Sergent, L. Ribadeau-Dumas, L. Babonneix,.
_nXIII,
_pReins et organes génito-urinaires /
_cpar Brault, Cottet, Michon,... [et al.].
260 _aParis :
_bA. Maloine et fils,
_c1923.
300 _a891 p. :
_bil. ;
_c21 cm.
650 0 4 _aRiñones-
_xEnfermedades.
_916914
650 4 _aAparato génito urinario-
_xEnfermedades.
_9135583
700 1 _aSergent, Émile,
_d1867-1943
_9151848
700 1 _aRibadeau-Dumas, Louis (
_d1876-1951)
_9151844
700 1 _aBabonneix, Léon,
_d1876-1942
_9151847
700 1 _aBrault, Albert,
_d1852-1939
_9165398
700 1 _aCottet, Jules,
_d1871-1959
_9165399
852 _aES-MaACL
_jC-16743
999 _c188366
_d188366